| 000 | 00760nam 22002413 4500 | ||
|---|---|---|---|
| 001 | 198882 | ||
| 010 | _a978-989-626-161-0 | ||
| 021 |
_aPT _b291 923/09 |
||
| 090 | _a198882 | ||
| 100 | _a20251106d u||y0pory50 ba | ||
| 101 | _apor | ||
| 102 | _aPT | ||
| 200 |
_aAngola, Terra Prometida _eA Vida Que os Portugueses Deixaram _fAna Sofia Fonseca _gRevisão de Alexandra Pereira |
||
| 205 | _a1ª | ||
| 210 |
_aLisboa _cA Esfera dos Livros _d2009 |
||
| 215 |
_a325, [3] p. : il. _cEncadernado _d24 cm |
||
| 327 | _aBibliografia, p. 311-325 | ||
| 606 |
_911629 _aCiências Sociais |
||
| 675 |
_a394(=1:469)(673)/FON/ANG _vPT _zpor |
||
| 700 |
_914793 _aFonseca _bAna Sofia |
||
| 801 |
_aPT _bBMMN _gRPC |
||
| 830 |
_cCarlos Pinto _d06-11-2025 _fCarlos Pinto |
||
| 990 | _cLIVROS | ||